000 00946cam a2200265 4500
001 ABS62329
008 000000n2000 000 0 eng u
035 _a(Sirsi) u106171
100 _aMcCluskey, W.J.
245 4 _aThe application of surface generated interpolation models for the prediction of residential property values
260 _c2000
490 _aJournal of Property Investment and Finance
_v18(2) 2000, 162-176(15)
520 _aThis paper attempts to analyse the effect of location on residential property prices and to develop a predictive model. References.
590 _aABS
650 _aHOUSE PRICES
650 _aLOCATION
650 _aSPATIAL ANALYSIS
650 _aTRIANGULATED IRREGULAR NETWORKS
650 _aINVERSE DISTANCE WEIGHTING
690 _aPROPERTY-RESIDENTIAL PROPERTY-RESIDENTIAL PROPERTY MARKET
700 _aDeddis, W.G.
700 _aLamont, I.G.
700 _aBorst, R.A.
942 _n0
999 _c63605
_d63605